| 000 | 00918nam a2200265 a 4500 | ||
|---|---|---|---|
| 001 | BRL_324 | ||
| 005 | 20190320210702.0 | ||
| 008 | 290713s1974----mx-ao#####---#000-0#spa-# | ||
| 041 | _aspa | ||
| 044 | _amx | ||
| 050 | 4 |
_aND255.B3 _b.S64 1974 |
|
| 245 | 1 | 0 |
_aSofia Bassi _cdomy y dirección artística René Alis ; fotografía de color Crispín Vázquez ; traducciones Ursula Kühl Versen. |
| 260 |
_aMéxico _bArtes de México _c1974 |
||
| 300 |
_a113 p. _bil. (algunas a color), 1 h. plegable _c30 cm. |
||
| 500 | _aIncluye dedicatoria de la autora para Ruth Lechuga | ||
| 500 | _aAu2311 | ||
| 546 | _aTexto en : español, inglés, francés, italiano y alemán | ||
| 600 | 1 | 4 |
_aBassi, Sofia _d1913-1998 _923549 |
| 650 | 1 | 4 |
_aPintura mexicana _93715 |
| 700 | 1 |
_aAlis, René _923550 |
|
| 700 | 1 |
_aVázquez, Crispín _eil. _923551 |
|
| 700 | 1 |
_aKühl Versen, Ursula _etr. _923552 |
|
| 902 | _aGRL | ||
| 942 |
_2lcc _cB |
||
| 999 |
_c9137 _d9137 |
||